E-conveyancing consultation report published (Record no. 72434)
[ view plain ]
| 000 -LEADER | |
|---|---|
| fixed length control field | 01300cam a2200217 4500 |
| 001 - CONTROL NUMBER | |
| control field | WB3913-14 |
| 008 - FIXED-LENGTH DATA ELEMENTS--GENERAL INFORMATION | |
| fixed length control field | 030403n2003 000 0 eng u |
| 035 ## - SYSTEM CONTROL NUMBER | |
| System control number | (Sirsi) u121879 |
| 245 ## - TITLE STATEMENT | |
| Title | E-conveyancing consultation report published |
| 260 ## - PUBLICATION, DISTRIBUTION, ETC. | |
| Date of publication, distribution, etc. | 2003 |
| 490 ## - SERIES STATEMENT | |
| Series statement | RICS News Service |
| Volume/sequential designation | 1 April 2003 |
| 490 ## - SERIES STATEMENT | |
| Series statement | Land Registry Press Release |
| Volume/sequential designation | (LRP12/03) 17 March 2003 (3) |
| 520 ## - SUMMARY, ETC. | |
| Summary, etc. | The Land Registry's mandate to introduce e-conveyancing in England and Wales has been endorsed by the publication of their e-conveyancing consultation report. The report shows that a majority of property professionals and the general public would welcome reform of the property buying and selling process. RICS welcomes members comments on this consultation. The full text can be found at http://www.landreg.gov.uk/consultations/. Contact David Melhuish t +44(0)20 7695 1535 or e [email protected]. RICS Weekly News Bulletin http://www.rics.org/ricscms/bin/show?class=News&template=/includes/shownews.html&id=5296#. Land Registry Press Release http://www.landreg.gov.uk/pressoffice/default.asp?fl=1&pubid=LRP12/03 |
| 590 ## - LOCAL NOTE (RLIN) | |
| Local note | WB |
| 650 ## - SUBJECT ADDED ENTRY--TOPICAL TERM | |
| Topical term or geographic name entry element | ECONVEYANCING |
| 650 ## - SUBJECT ADDED ENTRY--TOPICAL TERM | |
| Topical term or geographic name entry element | PUBLIC CONSULTATIONS |
| 650 ## - SUBJECT ADDED ENTRY--TOPICAL TERM | |
| Topical term or geographic name entry element | PROPERTY TRANSACTIONS |
| 650 ## - SUBJECT ADDED ENTRY--TOPICAL TERM | |
| Topical term or geographic name entry element | REFORMS |
| 690 ## - LOCAL SUBJECT ADDED ENTRY--TOPICAL TERM (OCLC, RLIN) | |
| Topical term or geographic name as entry element | PROPERTY |
| 942 ## - ADDED ENTRY ELEMENTS (KOHA) | |
| Suppress in OPAC | 0 |
| Withdrawn status | Lost status | Source of classification or shelving scheme | Damaged status | Not for loan | Home library | Current library | Shelving location | Date acquired | Total Checkouts | Full call number | Barcode | Date last seen | Copy number | Price effective from | Koha item type |
|---|---|---|---|---|---|---|---|---|---|---|---|---|---|---|---|
| Dewey Decimal Classification | London | London | News article | 03/04/2003 | WB3913-14 | 121879-1001 | 06/08/2019 | 1 | 06/08/2019 | News article |